Welcome to the Holygrace Academy Library

Please use search bar below to get started

ADV OF PRINCE DIVYENDU (Record no. 7417)

MARC details
000 -LEADER
fixed length control field 00260nam a22001217a 4500
082 ## - DEWEY DECIMAL CLASSIFICATION NUMBER
Classification number 823
Item number SYA/A
100 ## - MAIN ENTRY--AUTHOR NAME
Personal name SYAMALA, S
245 ## - TITLE STATEMENT
Title ADV OF PRINCE DIVYENDU
260 ## - PUBLICATION, DISTRIBUTION, ETC. (IMPRINT)
Place of publication DELHI
Name of publisher RUPA & CO
Year of publication 2004
300 ## - PHYSICAL DESCRIPTION
Number of Pages 68
650 ## - SUBJECT ADDED ENTRY--TOPICAL TERM
Topical Term ENGLISH STORY
Geographic subdivision INDIA
942 ## - ADDED ENTRY ELEMENTS (KOHA)
Koha item type Books
Holdings
Withdrawn status Lost status Collection code Home library Current library Date acquired Source of acquisition Cost, normal purchase price Full call number Accession Number Koha item type
Withdrawn Damaged Item Fiction Main Library Main Library 07/10/2006 purchase 70.00 823 SYA/A 00481 Books